• 首页
  • 本馆介绍
  • 公告通知
  • 最新文献
  • 馆藏检索
  • 电子资源
  • 读者导购
  • 参考咨询
  • 我的图书馆
  • 登录
  • 详细信息显示
  • 放入我的书架
  • 预约/预借图书
  • 作者相关作品
  • 分类相关作品
  • 丛书相关作品
  • 出版社相关作品

书目信息

  • 表格格式
  • 工作单格式
  • 卡片格式
题名:
数字图像处理基础
    
 
作者: 贾殷 著 ;韩博 , 徐枫 译
分册:  
出版信息: 北京   清华大学出版社  2006
页数: 443页
开本: 26cm
丛书名:
单 册:
中图分类: TN911.73 , TN919.8
科图分类:
主题词: 数字图象处理--基本知识 , 数字图象处理 , 数据通信 , 图象通信
电子资源:
ISBN: 7-302-13678-5
000 01201nam0 2200349 450
000 01132nam0 2200313 450
000 01061nam0 2200289 450
000 01024nam0 2200277 45
005 20070606171927.75
010    @a7-302-13678-5@dCNY55.00
100    @a20070521d2006 em y0chiy0120 ea
101 1  @achi@ceng
102    @aCN@b110000
105    @ay z 000yy
200 1  @a数字图像处理基础@AShu Zi Tu Xiang Chu Li Ji Chu@fAnil K. Jain著@FAnil K. Jain Zhu@g韩博,徐枫译
210    @a北京@c清华大学出版社@d2006
215    @a443页@d26cm
305    @aPrentice-Hall授权出版
312    @a英文原名:Fundamentals of digital image processing
330    @a本书共分11章,内容包括:二维系统和数学基础、图像感知、图像采样和量化、图像变换、随机模型的图像表示、图像增强等。
510 1  @aFundamentals of digital image processing@zeng
606 0  @a数字图象处理@x基本知识
606 0  @a数字图象处理
606 0  @a数据通信
606 0  @a图象通信
690    @aTN911.73@v4
690    @aTN919.8@v3
701  1 @a贾殷@AJia Yin@g(Jain, Anil K.)@4著
702  0 @a韩博@AHan Bo@c(计算机)@4译
702  0 @a徐枫@AXu Feng@c(计算机)@4译
801  0 @aCN@bTAOJIN@c20070606
905    @a10447@dTN919.8@e80
    
    数字图像处理基础/Anil K. Jain著/韩博,徐枫译.-北京:清华大学出版社,2006
    443页;26cm
    
    
    ISBN 7-302-13678-5:CNY55.00
    本书共分11章,内容包括:二维系统和数学基础、图像感知、图像采样和量化、图像变换、随机模型的图像表示、图像增强等。
●
相关链接 在E读中查询图书 在五车中查询图书 在当当中查询图书 在豆瓣中查询图书


正题名:数字图像处理基础     索取号:TN919.8/80         预约/预借

序号 登录号 条形码 馆藏地/架位号 状态 备注
1 0526619   205266193   第二样本阅览室/ [索取号:TN919.8/80] 在馆    
2 0526620   205266200   第三借阅区/ [索取号:TN919.8/80] 在馆    
3 0526621   205266219   第三借阅区/ [索取号:TN919.8/80] 在馆    
4 0526622   205266228   第三借阅区/ [索取号:TN919.8/80] 在馆    
5 0526623   205266237   第三借阅区/ [索取号:TN919.8/80] 在馆    
6 0526624   205266246   第三借阅区/ [索取号:TN919.8/80] 在馆    
7 0526625   205266255   第三借阅区/ [索取号:TN919.8/80] 在馆    
8 0526626   205266264   第三借阅区/ [索取号:TN919.8/80] 在馆    
唐山师范学院图书馆 欢迎您!
大连网信软件有限公司© 版权所有